German National Team - Top 16 Goal Scorers - Statistics

General Stats
  • This quiz has been taken 282 times
  • The average score is 7 of 16
Answer Stats
Hint Answer % Correct
68 Gerd Müller
99%
27 Thomas Müller
99%
71 Miroslav Klose
96%
48 Lukas Podolski
70%
47 Jürgen Klinsmann
66%
45 Karl-Heinz Rummenigge
61%
47 Rudolf Völler
54%
42 Michael Ballack
48%
43 Uwe Seeler
40%
37 Oliver Bierhoff
38%
33 Fritz Walter
26%
32 Klaus Fischer
21%
29 Andreas Möller
13%
55 Joachim Streich
5%
27 Edmund Conen
3%
31 Ernst Lehner
1%
No matching quizzes found
Score Distribution
Percent of People with Each Score
Percentile by Number Answered
Your Score History
You have not taken this quiz